000
00245nam a2200097Ia 4500
001
759934
005
20250826165139.0
008
250824s9999 xx 000 0 und d
245
0
_a
GÜLÜMSE ANILARA
_c
CAMILLE NOE PAGAN
260
_b
ARKADYA YAYINLARI
999
_c
759934
_d
759934